000 00336nam a2200145Ia 4500
005 20251222144824.0
008 251222s9999||||xx |||||||||||||| ||spa||
020 _a84-285-1478-X
082 _a231.4/S27
100 _aSayés, José Antonio
245 0 _aRazones para Creer:
250 _a2a.ed.
264 _bSan Pablo
942 _cLIB
999 _c20602
_d20602